Statistics for Phyla of plant and animal kingdoms

Click here to take the quiz!

General Stats

  • This quiz has been taken 23 times
  • The average score is 6 of 11

Answer Stats

HintAnswer% Correct
VertebratesChordata
83%
SnailsMollusca
78%
EartwormsAnnelida
72%
CoralsCnidaria
72%
SpongesPorifera
67%
Crustaceans, insectsArthropoda
56%
MossBryophyta
56%
FlatwormsPlatyhelminthes
56%
Pine treeConiferophyta
22%
Flowering plantsAngiospermophyta
6%
FernFilicinophyta
6%

Score Distribution

Percentile by Number Answered

Percent of People with Each Score

Your Score History

You have not taken this quiz